01015nam a2200313 a 4500003000900000005001700009008004100026020001800067040001300085100003800098245006100136250001200197260002500209300001900234490004800253504004100301650004700342650002000389650002200409650002200431651001300453651002100466700002800487800004200515942000700557998001200564999001500576952011000591AR-BaBNM20251128203314.0082120s2002 ||||||||||||||000 | spa|| a84-7100-303-1 cAR-BaBNM1 aPereira Castañares, Juan Carlos00aLas relaciones diplomáticas entre España y América a1ª ed. aMadridbMapfrec1992 a313 p.btablas 0aRelaciones entre España y Américavv. 1 aBibliografía consultada p. 301-303 4aHISTORIA DE LAS RELACIONES INTERNACIONALES 4aHISTORIA SOCIAL 4aHISTORIA CULTURAL 4aHISTORIA POLITICA 4aEspaña 4aAmérica Latina1 aCervantes Conejo, Angel1 aGallego, José Andrésecoordinador cBK cmariana c2807d2807 00102ddc405171aLPLbLPLd2025-11-28l0o970/980 C-MRE 1p054807r2025-11-28 20:33:14w2025-11-28yBK